[Event "Ì13Ï"]
[Site "Loo"]
[Date "2017.04.23"]
[Round "4.12"]
[White "Âàñèëü÷åíêî, Âàäèì."]
[Black "Èøóòêèí, Âëàäèñëàâ."]
[Result "1-0"]
[WhiteElo "1654"]
[BlackElo "1307"]
[PlyCount "81"]
[EventDate "2017.04.20"]

1. e4 c6 2. d3 d5 3. Nd2 e5 4. g3 Nf6 5. Bg2 Bd6 6. Ngf3 O-O 7. O-O Nbd7 8. Re1
a5 9. h4 dxe4 10. Nxe4 Nxe4 11. Rxe4 Nf6 12. Re1 Re8 13. Nd2 Qc7 14. Ne4 Nxe4
15. Bxe4 Bd7 16. Be3 f5 17. Bg2 Re6 18. Qf3 Rg6 19. h5 Rf6 20. Bg5 Rff8 21. h6
gxh6 22. Bxh6 Rf6 23. Bg5 Rg6 24. Bh4 Rf8 25. Bh3 f4 26. g4 Qc8 27. Kh2 Bxg4
28. Bxg4 Qxg4 29. Qxg4 Rxg4 30. Kh3 Rg6 31. Rg1 Kf7 32. Rxg6 hxg6 33. Rg1 Kg7
34. Kg4 Rf5 35. Bg5 Rf8 36. Rh1 Rh8 37. Bf6+ Kxf6 38. Rxh8 Bc7 39. Rc8 Bd6 40.
Ra8 Bc7 41. f3 1-0

[Event "Ì13Ï"]
[Site "Loo"]
[Date "2017.04.23"]
[Round "4.13"]
[White "Êóïðèí, Àëåêñàíäð."]
[Black "Ïîçäååâ, Àëåêñåé."]
[Result "0-1"]
[WhiteElo "1599"]
[BlackElo "1833"]
[PlyCount "112"]
[EventDate "2017.04.20"]

1. e4 c5 2. Nc3 e6 3. Nge2 a6 4. d4 cxd4 5. Nxd4 Qc7 6. Be3 Bb4 7. Qd2 Nf6 8.
f3 d5 9. O-O-O O-O 10. e5 Nfd7 11. f4 Nc6 12. a3 Ba5 13. Kb1 b5 14. b4 Bb6 15.
Nxc6 Qxc6 16. Bxb6 Nxb6 17. Qd4 Bb7 18. Kb2 Rfc8 19. Bd3 Qxc3+ 20. Qxc3 Na4+
21. Kb3 Nxc3 22. Rdf1 d4 23. Rhg1 Bd5+ 24. Kb2 Na4+ 25. Kb1 Rc3 26. g4 Rxa3 27.
f5 Nc3+ 28. Kc1 Ra1+ 29. Kd2 Rxf1 30. Rxf1 Ne4+ 31. Bxe4 Bxe4 32. Rf4 exf5 33.
gxf5 Bc6 34. Rxd4 Kf8 35. f6 gxf6 36. exf6 Ke8 37. Rh4 Kd7 38. Rxh7 Ke6 39. Kc3
Rc8 40. Kd4 Bd5 41. Rh5 Rc4+ 42. Ke3 Rxb4 43. h4 a5 44. c3 Rc4 45. Kd3 a4 46.
Rh8 a3 47. h5 a2 48. Re8+ Kxf6 49. Re1 Kg7 50. Kc2 b4 51. Kb2 bxc3+ 52. Ka1 c2
53. Rc1 Rb4 54. Rg1+ Kh8 55. h6 Rb1+ 56. Rxb1 cxb1=Q# 0-1

[Event "Ì13Ï"]
[Site "Loo"]
[Date "2017.04.23"]
[Round "4.14"]
[White "Êîñòåíêî, Êèðèëë."]
[Black "Ñìîëèí, Àëåêñåé."]
[Result "0-1"]
[WhiteElo "1589"]
[BlackElo "1815"]
[PlyCount "60"]
[EventDate "2017.04.20"]

1. d4 Nf6 2. c4 g6 3. Nc3 d5 4. cxd5 Nxd5 5. e4 Nxc3 6. bxc3 Bg7 7. Nf3 O-O 8.
Be3 c5 9. Be2 Nc6 10. O-O e6 11. Qd3 Qa5 12. Rfd1 h6 13. Qc4 b6 14. Rac1 Bb7
15. Nd2 cxd4 16. cxd4 Rac8 17. Nb3 Qa3 18. Qb5 Qb4 19. f3 a6 20. Qd3 Qa3 21.
Qb1 Nb4 22. Rxc8 Rxc8 23. Rd2 a5 24. Qb2 Qxb2 25. Rxb2 Nc2 26. Kf2 a4 27. Nd2
Nxe3 28. Kxe3 Rc3+ 29. Kf4 Bxd4 30. Nc4 Rxc4 0-1

[Event "Ì13Ï"]
[Site "Loo"]
[Date "2017.04.23"]
[Round "4.15"]
[White "Öûðåíäàøèåâ, Áàòî."]
[Black "Ìîíãóø, Êåæèê."]
[Result "1-0"]
[WhiteElo "1810"]
[BlackElo "1594"]
[PlyCount "37"]
[EventDate "2017.04.20"]

1. e4 c5 2. Nf3 Nc6 3. Bb5 g6 4. Bxc6 bxc6 5. O-O Bg7 6. Re1 Nf6 7. e5 Nd5 8.
c4 Nb6 9. d4 cxd4 10. Qxd4 O-O 11. Qh4 Re8 12. Bg5 Na4 13. Nc3 Nxc3 14. bxc3
Bf8 15. Rad1 Qc7 16. Bh6 Bg7 17. Ng5 Bxe5 18. Nxh7 Kxh7 19. Bf4+ 1-0

[Event "Ì13Ï"]
[Site "Loo"]
[Date "2017.04.23"]
[Round "4.16"]
[White "Êàðàïåòÿí, Âàãðàì."]
[Black "Òðóõèí, Äìèòðèé."]
[Result "0-1"]
[WhiteElo "1589"]
[BlackElo "1773"]
[PlyCount "122"]
[EventDate "2017.04.20"]

1. e4 e5 2. Nf3 Nc6 3. Bb5 a6 4. Bxc6 dxc6 5. Nc3 Bd6 6. d4 Bg4 7. dxe5 Bxf3 8.
Qxf3 Bxe5 9. Be3 Qf6 10. Qxf6 Nxf6 11. f3 O-O-O 12. Rd1 h5 13. Rxd8+ Rxd8 14.
h4 Bg3+ 15. Ke2 Rd7 16. Nd1 Bd6 17. c3 Re7 18. Bf2 Re8 19. Ne3 g6 20. Rd1 Nd7
21. Nc4 Bf8 22. Kf1 b6 23. g3 c5 24. Kg2 Bg7 25. Ne3 Nb8 26. Nf1 Kb7 27. Be3
Kc6 28. Re1 Nd7 29. Bf4 b5 30. Nd2 Nb6 31. Re2 Na4 32. Nf1 Nb6 33. Ne3 Re6 34.
Rd2 Re8 35. Nd5 Nxd5 36. Rxd5 f5 37. Be3 Bf8 38. Bf4 fxe4 39. fxe4 Rxe4 40. Rd2
Bd6 41. Bxd6 cxd6 42. Kf3 Re5 43. Kf4 Rf5+ 44. Ke3 d5 45. Ke2 Kd6 46. Rd3 c4
47. Rd4 Kc5 48. a3 Rf6 49. g4 a5 50. gxh5 gxh5 51. Ke3 Rf1 52. Ke2 Rb1 53. Kf3
Rxb2 54. Kf4 Rc2 55. Kg5 Rxc3 56. Rf4 Rxa3 57. Kxh5 Rh3 58. Kg5 a4 59. h5 a3
60. h6 a2 61. Rf1 b4 0-1

[Event "Ì13Ï"]
[Site "Loo"]
[Date "2017.04.23"]
[Round "4.17"]
[White "Çàñïàíîâ, Êîíñòàíòèí."]
[Black "Õàíæèí, Òèìóð."]
[Result "1-0"]
[WhiteElo "1588"]
[BlackElo "1751"]
[PlyCount "145"]
[EventDate "2017.04.20"]

1. e4 Nf6 2. e5 Nd5 3. d4 d6 4. Nf3 Bg4 5. Be2 Nc6 6. e6 fxe6 7. O-O Qd7 8. Re1
h6 9. a3 a5 10. c4 Nf6 11. d5 exd5 12. cxd5 Bxf3 13. Bxf3 Ne5 14. Rxe5 dxe5 15.
Nc3 g6 16. Qb3 Rb8 17. Be3 Bg7 18. Ba7 Ra8 19. Qxb7 O-O 20. h3 Qf5 21. Rc1 e4
22. Be2 Qc8 23. Qxc8 Rfxc8 24. Bc5 Kf7 25. Bc4 Kf8 26. Ne2 Nd7 27. Bd4 Rab8 28.
Bxg7+ Kxg7 29. Nf4 Rb6 30. a4 Kf6 31. Bb5 Nf8 32. Rc5 g5 33. Ne2 Ke5 34. Nc3
Rd6 35. Rc4 e6 36. Rxe4+ Kf6 37. dxe6 Nxe6 38. Rc4 Rd4 39. Rc6 Ke5 40. Ra6 Rb4
41. Rxa5 Kd6 42. Ra6+ c6 43. Be2 Rxb2 44. Bf3 Nc5 45. Ra7 Rb6 46. Rh7 Ra6 47.
Rxh6+ Ke5 48. Rg6 Kf5 49. Rh6 Ke5 50. Rh5 Kf6 51. Ne4+ Nxe4 52. Bxe4 Rxa4 53.
Bxc6 Ra1+ 54. Kh2 Kg6 55. Bf3 Rc2 56. Kg3 Rc8 57. h4 gxh4+ 58. Rxh4 Ra2 59. Rb4
Rc5 60. Be4+ Kf6 61. f4 Ra3+ 62. Kg4 Ra6 63. Rb3 Rc8 64. Kf3 Rg8 65. g4 Rh8 66.
g5+ Kf7 67. Kg4 Re8 68. Bd5+ Kg6 69. f5+ Kg7 70. Rb7+ Kh8 71. g6 Ra4+ 72. Kg5
Re5 73. Rh7# 1-0

[Event "Ì13Ï"]
[Site "Loo"]
[Date "2017.04.23"]
[Round "4.18"]
[White "Æàâîðîíêîâ, Àëåêñàíäð."]
[Black "Øêóðàòîâ, Âëàäèìèð."]
[Result "0-1"]
[WhiteElo "1572"]
[BlackElo "1739"]
[PlyCount "108"]
[EventDate "2017.04.20"]

1. Nf3 Nf6 2. d4 e6 3. Bf4 b6 4. e3 Bb7 5. Nbd2 Be7 6. Bd3 c5 7. c3 d5 8. O-O
O-O 9. Ne5 Nbd7 10. Ndf3 Ne4 11. Nxd7 Qxd7 12. Ne5 Qd8 13. Qc2 f6 14. Nf3 g6
15. Rad1 Bd6 16. Bxe4 dxe4 17. dxc5 exf3 18. Rxd6 Qc8 19. Rfd1 e5 20. Bh6 Qg4
21. Qb3+ Kh8 22. Kf1 Ba6+ 23. R1d3 Qxg2+ 24. Ke1 Qg1+ 25. Kd2 Qxf2+ 26. Kc1
Bxd3 27. Rxd3 Qxh2 28. Bxf8 Rxf8 29. cxb6 f2 30. Rd1 Qg1 31. Qb5 Rd8 32. Rf1
axb6 33. Qe2 h5 34. Qxf2 Qxf2 35. Rxf2 f5 36. Rg2 Kg7 37. a4 h4 38. Kc2 Kf6 39.
b4 g5 40. c4 g4 41. Kb3 h3 42. Rh2 Rh8 43. a5 bxa5 44. bxa5 g3 45. Rd2 g2 46.
Rd6+ Ke7 47. Rd5 g1=Q 48. Rxe5+ Kf6 49. Rb5 Qxe3+ 50. Kb4 h2 51. Rb6+ Ke5 52.
c5 h1=Q 53. Kb5 Qb3+ 54. Ka6 Qa8# 0-1

[Event "Ì13Ï"]
[Site "Loo"]
[Date "2017.04.23"]
[Round "4.19"]
[White "Ñîëîâüåâ, Âëàäèñëàâ."]
[Black "Ãóõìàí, Ñåðãåé."]
[Result "1-0"]
[WhiteElo "1730"]
[BlackElo "1580"]
[PlyCount "89"]
[EventDate "2017.04.20"]

1. e4 e6 2. d4 d5 3. Nd2 Be7 4. Bd3 c5 5. exd5 Qxd5 6. dxc5 Bxc5 7. Ngf3 Nf6 8.
O-O Nbd7 9. Bc4 Qc6 10. a4 a6 11. Qe2 b6 12. Nb3 Bb7 13. Nxc5 bxc5 14. Rd1 e5
15. Bf4 O-O 16. Bxe5 Rfe8 17. Rd6 Rxe5 18. Rxc6 Rxe2 19. Rxf6 Rxc2 20. Bxf7+
Kh8 21. Rd6 Bxf3 22. Rxd7 Bc6 23. Rc7 Bxa4 24. b4 Rd8 25. bxc5 g6 26. g3 Bb5
27. Re1 Rd3 28. Be8 Bc4 29. Ba4 Ra2 30. Re8+ Bg8 31. Rcc8 Kg7 32. Rxg8+ Kh6 33.
Bc6 a5 34. Rgd8 Rc3 35. Bd5 Rd2 36. Rd7 a4 37. Rh8 a3 38. h4 Kh5 39. Bf3+ Rxf3
40. Rxd2 Kg4 41. Rd4+ Kh3 42. h5 g5 43. Ra8 Rc3 44. Kf1 Rc1+ 45. Ke2 1-0

[Event "Ì13Ï"]
[Site "Loo"]
[Date "2017.04.23"]
[Round "4.20"]
[White "Âàëèóëëèí, Ðàôàýëü."]
[Black "Øîøèí, Êèðèëë."]
[Result "0-1"]
[WhiteElo "1444"]
[BlackElo "1729"]
[PlyCount "106"]
[EventDate "2017.04.20"]

1. Nf3 c5 2. g3 Nc6 3. Bg2 g6 4. O-O Bg7 5. d3 d6 6. c4 e6 7. Nc3 Nge7 8. Rb1
O-O 9. a3 Rb8 10. Bd2 d5 11. b3 b6 12. Qc1 Re8 13. Kh1 Bb7 14. Kg1 Qd7 15. Bf4
e5 16. cxd5 Nxd5 17. Nxd5 Qxd5 18. Nxe5 Nd4 19. Bxd5 Nxe2+ 20. Kg2 Bxd5+ 21.
Nf3 Nxc1 22. Rfxc1 Rbd8 23. Rd1 Re2 24. Be3 Re8 25. Bc1 Bd4 26. Rf1 Ra2 27. g4
Ree2 28. Kg3 Bxf3 29. Kxf3 Rxf2+ 30. Rxf2 Rxf2+ 31. Kg3 Rf1 32. Kg2 Rd1 33. Kf3
Rxd3+ 34. Ke2 Rh3 35. Bf4 Rh4 36. Kf3 Rh3+ 37. Ke2 h5 38. g5 f6 39. gxf6 Bxf6
40. Bb8 a6 41. Ba7 Rxh2+ 42. Kd3 b5 43. Bxc5 Rh3+ 44. Ke4 g5 45. Kf5 Kf7 46. a4
bxa4 47. bxa4 Rf3+ 48. Ke4 Rf4+ 49. Ke3 Rxa4 50. Rf1 Kg6 51. Bb6 h4 52. Rf2 h3
53. Bc7 Bd4+ 0-1

[Event "Ì13Ï"]
[Site "Loo"]
[Date "2017.04.23"]
[Round "4.21"]
[White "Ïðóöêîâ, Àëåêñåé."]
[Black "Ñòåïàíîâ, Ïàâåë."]
[Result "1-0"]
[WhiteElo "1727"]
[BlackElo "1559"]
[PlyCount "61"]
[EventDate "2017.04.20"]

1. d4 d5 2. c4 e6 3. Nc3 f5 4. Nf3 c6 5. Bf4 Bd6 6. e3 Nf6 7. Bd3 O-O 8. Qc2
Bxf4 9. exf4 Ne4 10. g4 fxg4 11. Ne5 Nf6 12. h3 gxh3 13. Rxh3 h6 14. O-O-O Nbd7
15. Rg1 Kh8 16. Ng6+ Kg8 17. Nxf8 Kxf8 18. Rhg3 Nh5 19. Re3 Ndf6 20. Be2 Nxf4
21. cxd5 Nxe2+ 22. Nxe2 cxd5 23. Rf3 Bd7 24. Qh7 g5 25. Qxh6+ Kf7 26. Rxg5 Qh8
27. Rxf6+ Qxf6 28. Qh7+ Ke8 29. Rg8+ Qf8 30. Rxf8+ Kxf8 31. Qh8+ 1-0

[Event "Ì13Ï"]
[Site "Loo"]
[Date "2017.04.23"]
[Round "4.22"]
[White "Ãåðàñèìîâ, Âàäèì."]
[Black "Çûðÿíîâ, Êîíñòàíòèí."]
[Result "1-0"]
[WhiteElo "1717"]
[BlackElo "1571"]
[PlyCount "109"]
[EventDate "2017.04.20"]

1. e4 c6 2. d4 d5 3. Nc3 dxe4 4. Nxe4 Nf6 5. Ng3 g6 6. Bc4 Bg7 7. Nf3 Bg4 8.
Bxf7+ Kxf7 9. Ne5+ Kg8 10. Nxg4 Nxg4 11. Qxg4 Bxd4 12. Qe6+ Kf8 13. O-O Bg7 14.
Bg5 Qd7 15. Rfe1 Qxe6 16. Rxe6 Na6 17. Rae1 Re8 18. c3 h6 19. Rxe7 Rxe7 20.
Bxe7+ Kf7 21. Bd6 Re8 22. Rxe8 Kxe8 23. Ne4 Kd7 24. Kf1 Nc7 25. Ke2 b6 26. Bxc7
Kxc7 27. f4 Kd7 28. g4 Ke6 29. Kf3 Bf8 30. Nf2 Kd5 31. Nd3 c5 32. h4 h5 33. f5
gxf5 34. Nf4+ Kc4 35. gxf5 a5 36. Ke2 a4 37. Kd1 a3 38. f6 axb2 39. Kc2 Bh6 40.
Ng6 b1=Q+ 41. Kxb1 Kxc3 42. f7 Kd2 43. f8=Q Bxf8 44. Nxf8 c4 45. Ne6 b5 46. a3
Kc3 47. Nc7 Kb3 48. Nxb5 Ka4 49. Nc3+ Kxa3 50. Kc2 Kb4 51. Ne2 Kc5 52. Nf4 Kd6
53. Nxh5 Ke5 54. Ng3 Kf4 55. h5 1-0

[Event "Ì13Ï"]
[Site "Loo"]
[Date "2017.04.23"]
[Round "4.23"]
[White "Çóåâ, Àëåêñàíäð."]
[Black "Ðîìàíîâ, Ìàêñèì."]
[Result "0-1"]
[WhiteElo "1559"]
[BlackElo "1700"]
[PlyCount "102"]
[EventDate "2017.04.20"]

1. e4 c5 2. Nf3 g6 3. d4 Bg7 4. Nc3 cxd4 5. Nxd4 Nc6 6. Be3 Nf6 7. Be2 O-O 8.
O-O d5 9. exd5 Nxd5 10. Nxd5 Qxd5 11. Nxc6 Qxc6 12. c3 Bf5 13. Qb3 e5 14. Bc4
a5 15. Bd5 Qc7 16. Bb6 Qe7 17. Rad1 a4 18. Qb5 Rfc8 19. Qe2 Ra6 20. Be3 a3 21.
b3 Rxc3 22. Bxb7 Qxb7 23. Rd8+ Bf8 24. Bh6 Rc8 25. Rxf8+ Rxf8 26. Bxf8 Kxf8 27.
Qxe5 f6 28. Qc5+ Qe7 29. Qb5 Re6 30. Qb8+ Kg7 31. Qb5 Re1 32. h3 Rxf1+ 33. Qxf1
Qe4 34. g4 Bc8 35. Qc1 Bb7 36. Qc7+ Kh6 37. Kf1 Ba6+ 38. Kg1 Qe1+ 39. Kg2 Qf1+
40. Kg3 Qg1+ 41. Kf3 Bb7+ 42. Ke2 Ba6+ 43. Kf3 Qd1+ 44. Kg3 Qd3+ 45. Kg2 Qd5+
46. Kg1 Bb7 47. Qf4+ Kg7 48. Qc7+ Kf8 49. Qb8+ Ke7 50. Qc7+ Ke8 51. Qb8+ Kd7
0-1

[Event "Ì13Ï"]
[Site "Loo"]
[Date "2017.04.23"]
[Round "4.24"]
[White "Äðó÷åíêî, Ìèõàèë."]
[Black "Ëèòâèíîâ, Äìèòðèé."]
[Result "1-0"]
[WhiteElo "1692"]
[BlackElo "1548"]
[PlyCount "75"]
[EventDate "2017.04.20"]

1. e4 c5 2. Nf3 d6 3. b3 Nf6 4. Nc3 a6 5. a4 e6 6. g3 Be7 7. Bg2 O-O 8. O-O Nc6
9. d4 cxd4 10. Nxd4 Nxd4 11. Qxd4 e5 12. Qd3 Be6 13. Ba3 Qc7 14. Nd5 Bxd5 15.
exd5 Rac8 16. c4 Nd7 17. Bh3 Rb8 18. Rfc1 Nc5 19. Qc2 Bg5 20. Rd1 b6 21. Kh1
Rfe8 22. b4 Nb7 23. Bg4 Be7 24. h4 b5 25. Rac1 Qd8 26. c5 dxc5 27. bxc5 Bxh4
28. c6 Qg5 29. Bd7 Bxg3 30. fxg3 Qxg3 31. Rd3 Qg6 32. Bxe8 Qe4+ 33. Kg1 Qg6+
34. Kf2 Rxe8 35. cxb7 Qb6+ 36. Qc5 Qxb7 37. Qc6 Qa7+ 38. Bc5 1-0

[Event "Ì13Ï"]
[Site "Loo"]
[Date "2017.04.23"]
[Round "4.25"]
[White "Áàøåâ, Ôåäîð."]
[Black "Íàçàðîâ, Äåíèñ."]
[Result "0-1"]
[WhiteElo "1679"]
[BlackElo "1534"]
[PlyCount "32"]
[EventDate "2017.04.20"]

1. e4 c5 2. Nf3 d6 3. d4 cxd4 4. Nxd4 Nf6 5. Nc3 a6 6. Be2 e6 7. O-O Be7 8. Be3
O-O 9. f4 Qc7 10. a4 Nc6 11. Bf3 Rb8 12. Qe2 e5 13. Nxc6 bxc6 14. b3 d5 15.
exd5 exf4 16. Bd2 Bd7 {äàëåå çàïèñü íåðàçáîð~~èâà!} 0-1

[Event "Ì13Ï"]
[Site "Loo"]
[Date "2017.04.23"]
[Round "4.26"]
[White "Ïåòðîâ, Ìàêñèì."]
[Black "Ñèäîðîâ, Åãîð."]
[Result "0-1"]
[WhiteElo "1359"]
[BlackElo "1662"]
[PlyCount "114"]
[EventDate "2017.04.20"]

1. d4 Nf6 2. c4 g6 3. Nc3 Bg7 4. e4 d6 5. f3 O-O 6. Be3 Nbd7 7. Qd2 e5 8. d5
Ne8 9. O-O-O Nc5 10. g4 f5 11. gxf5 gxf5 12. h4 f4 13. Bf2 Nf6 14. Nge2 Kh8 15.
Bh3 Rg8 16. Bxc8 Rxc8 17. h5 Bh6 18. Kb1 b6 19. Bh4 Qf8 20. Bf2 Rg2 21. Bxc5
bxc5 22. Qc2 Rb8 23. Nb5 Rb7 24. Rd2 a6 25. Nbc3 Qf7 26. Qa4 Rb6 27. Nd1 Nxe4
28. Rc2 Ng3 29. Nxg3 Rxg3 30. Rc3 Rg5 31. Rc2 Kg7 32. Rch2 Rg3 33. Qa3 c6 34.
Qd3 cxd5 35. cxd5 Rg5 36. Ka1 Qb7 37. Nc3 Kf8 38. Ne4 Rg7 39. Nf6 Rf7 40. Qf5
Bg7 41. Nxh7+ Ke8 42. Qg6 e4 43. Qxe4+ Be5 44. Rb1 Rxh7 45. Rg2 Qf7 46. Qa4+
Kd8 47. Qa5 Kc7 48. Rg6 Rxh5 49. Re6 Rh2 50. Rxe5 dxe5 51. Qxc5+ Kb7 52. Rc1
Qd7 53. d6 Qc6 54. Qg1 Rc2 55. Qg7+ Kb8 56. Qc7+ Qxc7 57. dxc7+ Rxc7 0-1

[Event "Ì13Ï"]
[Site "Loo"]
[Date "2017.04.23"]
[Round "4.27"]
[White "Êèðþøèí, Èâàí."]
[Black "Äåíèñîâ, Ìèõàèë."]
[Result "1/2-1/2"]
[WhiteElo "1640"]
[BlackElo "1423"]
[PlyCount "132"]
[EventDate "2017.04.20"]

1. e4 c5 2. Nf3 d6 3. d4 cxd4 4. Nxd4 Nf6 5. Nc3 a6 6. Be2 e5 7. Nb3 Be6 8. f4
Be7 9. f5 Bd7 10. Be3 Nc6 11. Qd2 b5 12. a3 Na5 13. Nxa5 Qxa5 14. O-O O-O 15.
Nd5 Qd8 16. Nxf6+ gxf6 17. Bh6 Re8 18. Qd3 Kh8 19. Bh5 Bf8 20. Bxf8 Rxf8 21.
Qxd6 Bc8 22. Qxd8 Rxd8 23. Bxf7 Bb7 24. Rfe1 Rd4 25. Bd5 Bxd5 26. exd5 Rxd5 27.
Rad1 Rad8 28. Rxd5 Rxd5 29. Kf2 Kg7 30. Kf3 Kh6 31. g4 Kg5 32. h4+ Kh6 33. Rg1
Rd4 34. Ke3 Kg7 35. c3 Rf4 36. Rg3 Kf7 37. b3 h5 38. gxh5 Rxh4 39. Rf3 Rxh5 40.
Ke4 Rh4+ 41. Kd5 Ke7 42. a4 bxa4 43. bxa4 Rxa4 44. Rh3 Ra5+ 45. Ke4 Ra3 46.
Rh7+ Kf8 47. Rc7 a5 48. Kd5 a4 49. Ke6 Ra1 50. Kxf6 Ke8 51. Kxe5 a3 52. Ra7 a2
53. Kf6 Kd8 54. Kf7 Rf1 55. Rxa2 Rxf5+ 56. Ke6 Rc5 57. Rc2 Kc7 58. c4 Kc6 59.
Ke7 Kc7 60. Ke6 Kc6 61. Rc1 Kc7 62. Ke7 Kc6 63. Kd8 Re5 64. Rd1 Re4 65. Rc1 Kc5
66. Kd7 Rxc4 1/2-1/2

[Event "Ì13Ï"]
[Site "Loo"]
[Date "2017.04.23"]
[Round "4.28"]
[White "Ìåëüíèêîâ, Âÿ÷åñëàâ."]
[Black "Ìèõååâ, Àëåêñàíäð."]
[Result "1/2-1/2"]
[WhiteElo "1637"]
[BlackElo "1500"]
[PlyCount "83"]
[EventDate "2017.04.20"]

1. d4 Nf6 2. Nf3 g6 3. g3 Bg7 4. Bg2 O-O 5. O-O d6 6. c4 Nbd7 7. Nc3 c5 8. d5
Ng4 9. e4 Nde5 10. Nxe5 Nxe5 11. Qe2 a6 12. a4 Qb6 13. Bf4 Bg4 14. f3 Bd7 15.
Kh1 Qb4 16. Bxe5 Bxe5 17. Rfc1 Rab8 18. f4 Bg7 19. e5 b5 20. axb5 axb5 21. Ra7
Be8 22. Rxe7 bxc4 23. exd6 f5 24. d7 Bf7 25. d6 Qxb2 26. Qxb2 Rxb2 27. Bd5 Rbb8
28. Bxf7+ Rxf7 29. Nd5 Rd8 30. Re8+ Rf8 31. Re7 Rf7 32. Nb6 c3 33. Kg2 Bf8 34.
Re8 Rfxd7 35. Nxd7 Rxe8 36. Nf6+ Kf7 37. Nxe8 Kxe8 38. Rxc3 Bxd6 39. Kf3 Kd7
40. Ra3 Ke6 41. Ke2 h6 42. Ra4 1/2-1/2

[Event "Ì13Ï"]
[Site "Loo"]
[Date "2017.04.23"]
[Round "4.29"]
[White "Íåëîâêî, Íèêèòà."]
[Black "Ãðîìîâîé, Êèðèëë."]
[Result "1-0"]
[WhiteElo "1618"]
[BlackElo "1227"]
[PlyCount "41"]
[EventDate "2017.04.20"]

1. d4 d5 2. Bf4 e6 3. e3 c5 4. c3 Bd6 5. Bg3 Nf6 6. Nd2 Nc6 7. Ngf3 O-O 8. Bd3
Re8 9. Ne5 Qc7 10. Ndf3 Nh5 11. Bxh7+ Kf8 12. Nxc6 bxc6 13. Bxd6+ Qxd6 14. Ne5
Nf6 15. Qf3 Qe7 16. Bg6 Qc7 17. Bxf7 Re7 18. Bg6 Kg8 19. h4 Bd7 20. h5 Be8 21.
h6 1-0

[Event "Ì13Ï"]
[Site "Loo"]
[Date "2017.04.23"]
[Round "4.30"]
[White "Âàñèëüåâ, Èëüÿ."]
[Black "Ãàëêèí, Ëåîíèä."]
[Result "1/2-1/2"]
[WhiteElo "1779"]
[BlackElo "1525"]
[PlyCount "80"]
[EventDate "2017.04.20"]

1. e4 c5 2. Nf3 e6 3. d4 cxd4 4. Nxd4 Nf6 5. Nc3 Nc6 6. Nxc6 bxc6 7. e5 Nd5 8.
Nxd5 cxd5 9. Bd3 Qc7 10. Qe2 Bb4+ 11. Kf1 O-O 12. Qh5 g6 13. Qg5 a5 14. Qf6 Qd8
15. Qxd8 Rxd8 16. Bg5 Re8 17. h4 Ba6 18. Ke2 Rec8 19. c3 Bc5 20. Bxa6 Rxa6 21.
h5 Rb6 22. Rab1 d6 23. f4 d4 24. hxg6 fxg6 25. Bf6 d5 26. Rxh7 Kxh7 27. Rh1+
Kg8 28. Rh8+ Kf7 29. Rxc8 Rxb2+ 30. Kd3 Bf8 31. cxd4 Rxg2 32. Rc7+ Kg8 33. Rc2
Rg3+ 34. Ke2 Rg2+ 35. Kd3 Rg3+ 36. Ke2 Rg2+ 37. Kd3 Rg3+ 38. Ke2 Rg2+ 39. Kd3
Rg3+ 40. Ke2 Rg2+ 1/2-1/2

[Event "Ì13Ï"]
[Site "Loo"]
[Date "2017.04.23"]
[Round "4.31"]
[White "Øåìàõàíîâ, Äàíèëà."]
[Black "Ñàáèðîâ, Òèìóð."]
[Result "0-1"]
[WhiteElo "1522"]
[BlackElo "1757"]
[PlyCount "96"]
[EventDate "2017.04.20"]

1. e4 c5 2. Ne2 e6 3. g3 a6 4. Bg2 d6 5. O-O Nc6 6. c3 b6 7. d4 Bb7 8. Be3 Nge7
9. f4 cxd4 10. cxd4 Na5 11. b3 d5 12. e5 h5 13. Nbc3 Rc8 14. Rc1 Nf5 15. Qd3
Ba3 16. Rb1 Nh6 17. h3 g6 18. Bc1 Bf8 19. Bb2 Nc6 20. a3 Ne7 21. Rbc1 Nef5 22.
Rc2 Be7 23. Rfc1 g5 24. Na4 Rxc2 25. Qxc2 b5 26. Nc5 Bc8 27. Nxa6 O-O 28. Nc7
g4 29. Nxb5 Ba6 30. Nbc3 h4 31. Kh2 Kh8 32. Kg1 gxh3 33. Bxh3 Nxg3 34. Nxg3 Rg8
35. Kh2 Rxg3 36. Rg1 Qg8 37. Qf2 Qg4 38. Rxg3 hxg3+ 39. Qxg3 Qh5 40. Kg2 Bh4
41. Qf3 Qg6+ 42. Kh2 Qc2+ 43. Qg2 Qd3 44. Na4 Qe3 45. f5 Be2 46. f6 Bg5 47. Qg1
Bf4+ 48. Kh1 Qxh3+ 0-1

[Event "Ì13Ï"]
[Site "Loo"]
[Date "2017.04.23"]
[Round "4.32"]
[White "Èîíî÷êèí, Ìàêñèì."]
[Black "Áåëîâ, Äàíèëà."]
[Result "1/2-1/2"]
[WhiteElo "1745"]
[BlackElo "1518"]
[PlyCount "77"]
[EventDate "2017.04.20"]

1. c4 d5 2. Nc3 e6 3. Nf3 Nf6 4. g3 c6 5. cxd5 exd5 6. Bg2 Bd6 7. O-O O-O 8. d3
Nbd7 9. a3 Re8 10. Rb1 Qe7 11. Re1 Bc5 12. e4 Ng4 13. d4 Bb6 14. exd5 Qf8 15.
dxc6 bxc6 16. Be3 Bb7 17. Ng5 Ndf6 18. h3 Nxe3 19. fxe3 Rad8 20. Qd3 h6 21.
Nge4 Nxe4 22. Bxe4 Qd6 23. Kh2 Bc7 24. Rg1 Bc8 25. Rbe1 h5 26. Bh7+ Kh8 27. Bf5
h4 28. Bxc8 hxg3+ 29. Kh1 Rxc8 30. Qf5 Qh6 31. Kg2 Rb8 32. Nd1 Re7 33. Re2 Rd8
34. Rge1 Rde8 35. e4 Qd6 36. Rd2 Qh6 37. Rde2 Qd6 38. Rd2 Qh6 39. Rde2 1/2-1/2

[Event "Ì13Ï"]
[Site "Loo"]
[Date "2017.04.23"]
[Round "4.33"]
[White "Ñàâèöêèé, Êèðèëë."]
[Black "Àðáóçîâ, Òèìîôåé."]
[Result "1/2-1/2"]
[WhiteElo "1508"]
[BlackElo "1694"]
[PlyCount "100"]
[EventDate "2017.04.20"]

1. e4 d6 2. f4 Nf6 3. Nc3 e5 4. d3 Be7 5. Nf3 Nbd7 6. g3 c6 7. Bg2 O-O 8. O-O
Qc7 9. Qe2 Re8 10. f5 d5 11. h3 g6 12. fxg6 hxg6 13. Qd2 dxe4 14. dxe4 Nc5 15.
Nh4 Ne6 16. Kh2 Nh5 17. Qf2 Bxh4 18. gxh4 Nef4 19. Ne2 Nxg2 20. Qxg2 Be6 21.
Bg5 Kh7 22. Qf3 Rh8 23. Ng3 Nxg3 24. Qxg3 Bc4 25. Rf2 Rhf8 26. Bf6 Rae8 27. Rf5
Rg8 28. Rxe5 Rxe5 29. Bxe5 Qe7 30. b3 Ba6 31. Rd1 Re8 32. Bf4 Qxe4 33. Rd2 Be2
34. Qg5 Bh5 35. Qg3 Qf5 36. Qg5 Qe6 37. Qg3 Qe4 38. Rf2 Bd1 39. c4 Bh5 40. Rd2
Qe6 41. Qg5 Qe4 42. Qg3 Qe6 43. Qg5 Bf3 44. Qg3 Bh5 45. Qg5 Qe4 46. Qg3 a5 47.
c5 a4 48. bxa4 Qxa4 49. Qf2 Qe4 50. Bg5 Qe6 1/2-1/2

[Event "Ì13Ï"]
[Site "Loo"]
[Date "2017.04.23"]
[Round "4.34"]
[White "Òàòàðèíöåâ, Ìèõàèë."]
[Black "Ñîèí, Íèêèòà."]
[Result "1/2-1/2"]
[WhiteElo "1690"]
[BlackElo "1491"]
[PlyCount "63"]
[EventDate "2017.04.20"]

1. d4 Nf6 2. c4 c5 3. dxc5 e6 4. Nc3 Bxc5 5. Nf3 O-O 6. e3 Nc6 7. a3 a5 8. b3
Ne7 9. Bb2 d5 10. cxd5 Nexd5 11. Nxd5 Nxd5 12. Bc4 Nb6 13. Qc2 Nxc4 14. Qxc4
Be7 15. Rc1 Bf6 16. Bd4 Bxd4 17. Nxd4 e5 18. Nf3 Bf5 19. Rd1 Qe7 20. O-O Rac8
21. Qb5 Rc5 22. Qb6 Rfc8 23. Rd6 h6 24. Rfd1 Kh7 25. h3 Rc1 26. Kh2 e4 27. Ng1
R1c2 28. R1d2 Rc1 29. Rd1 R1c2 30. R1d2 Rc1 31. Rd1 R1c2 32. R1d2 1/2-1/2

[Event "Ì13Ï"]
[Site "Loo"]
[Date "2017.04.23"]
[Round "4.35"]
[White "Ãóñåâ, Àëåêñàíäð."]
[Black "Îãîðîäíèêîâ, Íèêîëàé."]
[Result "0-1"]
[WhiteElo "1482"]
[BlackElo "1672"]
[PlyCount "52"]
[EventDate "2017.04.20"]

1. e4 e6 2. d4 d5 3. Nd2 Nf6 4. e5 Nfd7 5. Bd3 c5 6. c3 Nc6 7. Ne2 a6 8. O-O b5
9. Rb1 Be7 10. Nf3 Qc7 11. Bf4 Rb8 12. Bg3 O-O 13. Bc2 Bb7 14. Qd3 g6 15. Qe3
Rfc8 16. Bh4 Bxh4 17. Nxh4 cxd4 18. cxd4 Ncxe5 19. Rfc1 Qd8 20. Qg3 Nc4 21. Nf4
Qf6 22. Nh5 Qxd4 23. Re1 Nce5 24. Red1 Qg4 25. Qxg4 Nxg4 26. Ng3 Rxc2 0-1

[Event "Ì13Ï"]
[Site "Loo"]
[Date "2017.04.23"]
[Round "4.36"]
[White "Ìàòóùàê, Íèêèòà."]
[Black "Âîëêîâ, Âëàäèñëàâ."]
[Result "1-0"]
[WhiteElo "1406"]
[BlackElo "1649"]
[PlyCount "41"]
[EventDate "2017.04.20"]

1. e4 c5 2. d4 cxd4 3. c3 dxc3 4. Nxc3 d6 5. Nf3 g6 6. Bc4 Bg7 7. O-O Nc6 8.
Qe2 Bg4 9. Bxf7+ Kf8 10. Bb3 Ne5 11. h3 Nxf3+ 12. gxf3 Bxh3 13. Rd1 Rc8 14. Qd2
Rc5 15. Qf4+ Bf6 16. Nd5 Bd7 17. Be3 Ra5 18. Nxf6 Nxf6 19. Qh6+ Ke8 20. Qg7 Rf8
21. Bh6 1-0

[Event "Ì13Ï"]
[Site "Loo"]
[Date "2017.04.23"]
[Round "4.37"]
[White "Òóêàåâ, Òèìóð."]
[Black "Õóñíóëãàòèí, Àðòåì."]
[Result "0-1"]
[WhiteElo "1300"]
[BlackElo "1592"]
[PlyCount "44"]
[EventDate "2017.04.20"]

1. e4 e5 2. Nf3 Nc6 3. d4 exd4 4. Nxd4 Bc5 5. Be3 Bb6 6. c3 d6 7. Qd2 Nge7 8.
Bc4 O-O 9. O-O Ne5 10. Bb3 d5 11. exd5 Nxd5 12. h3 Nxe3 13. Qxe3 Qf6 14. Nd2 c5
15. Ne4 Qe7 16. f4 cxd4 17. cxd4 Nc6 18. Kh1 Bf5 19. Bc2 Nxd4 20. Qd3 Nxc2 21.
Qxc2 Qxe4 22. Qc3 Rac8 0-1

[Event "Ì13Ï"]
[Site "Loo"]
[Date "2017.04.23"]
[Round "4.38"]
[White "Òàòàðöåâ, Àëåêñàíäð."]
[Black "Õàíèí, Ìèõàèë."]
[Result "0-1"]
[WhiteElo "1346"]
[BlackElo "1589"]
[PlyCount "96"]
[EventDate "2017.04.20"]

1. d4 d5 2. c4 e6 3. Nc3 c6 4. Nf3 Nf6 5. Bg5 Be7 6. e3 Nbd7 7. Qc2 O-O 8. Bd3
dxc4 9. Bxc4 Nd5 10. Bxe7 Qxe7 11. a3 Nxc3 12. bxc3 e5 13. Bd3 g6 14. O-O b6
15. Rfe1 c5 16. c4 Bb7 17. d5 Nf6 18. Nd2 Ne8 19. f4 Nd6 20. fxe5 Qxe5 21. Nf3
Qg7 22. e4 f6 23. Re2 Rae8 24. Rae1 Bc8 25. h3 Nf7 26. Qa4 Ne5 27. Nxe5 Rxe5
28. Qb5 f5 29. Qb2 fxe4 30. Bxe4 Rfe8 31. Qc2 R5e7 32. Kh1 Qf6 33. Rf2 Bf5 34.
Rfe2 Bd7 35. Rf2 Qh4 36. Rfe2 Bg4 37. Re3 Bf5 38. g4 Bxe4+ 39. Rxe4 Qxe1+ 40.
Rxe1 Rxe1+ 41. Kg2 R8e2+ 42. Qxe2 Rxe2+ 43. Kf3 Rc2 44. d6 Kf7 45. Ke4 Rxc4+
46. Kd5 Rd4+ 47. Kc6 Rxd6+ 48. Kxd6 c4 0-1